00560nam a2200205 a 4500001001300000003000900013005001700022008004100039020002300080082001800103100001800121245006300139260002400202300000900226500003500235505001500270650002700285650002400312700001800336nice12345678IN_TiNIC20260116012842.0050524s1994 gena grp 000 0 eng  a2825453 c10000a261.8348bWEB aWebb, Pauline aLong Struggleb the Involvement of the Wcc in South Africa aGeneva bWCC c1994 a133p aincludes index and biblioraphy2 aAppendices aSouth Africa-Apartheid aChristianity-Racism1 aWebb, Pauline